000
002390000a22000970004500
100
1
_a
Gresham, Brett
245
1
0
_a
El filtro lento de arena para uso doméstico
300
_a
Núm 35 (1998), Páginas 11
773
0
_t
Paso a paso
942
_c
ANA
999
_c
52391
_d
52391